La Metamorfosis (Registro nro. 30549)

Detalles MARC
000 -LÍDER
campo de control de longitud fija 00552nam a22001937a 4500
005 - FECHA Y HORA DE LA ÚLTIMA
campo de control 20240209170116.0
008 - ELEMENTOS DE DATOS DE LONGITUD FIJA - INFORMACIÓN GENERAL
campo de control de longitud fija 240209b |||||||| |||| 00| 0 eng d
020 ## - NÚMERO INTERNACIONAL NORMALIZADO DEL LIBRO
Número de libro estándar internacional 9789583002878
037 ## - FUENTE DE ADQUISICIÓN
Materials specified Donación
040 ## - FUENTE DE CATALOGACIÓN
Agencia de catalogación original CO-JMCR
Agencia de transcripción CO-JMCR
Agencia modificadora CO-JMCR
Convenciones de descripción rda
082 ## - NÚMERO DE CLASIFICACIÓN DECIMAL DEWEY
Número de clasificación A-N
Número de artículo KAFm EJ.1
100 ## - ENTRADA PRINCIPAL - NOMBRE PERSONAL
Término relativo autor
Nombre personal Kafka, Franz
9 (RLIN) 535
245 ## - DECLARACIÓN DEL TÍTULO
Título La Metamorfosis
246 ## - FORMA VARIABLE DEL TÍTULO
Título propiamente dicho/título corto La condena
246 ## - FORMA VARIABLE DEL TÍTULO
Título propiamente dicho/título corto En la colonia penitenciaria
260 ## - PUBLICACIÓN, DISTRIBUCIÓN, ETC.
Lugar de publicación, distribución, etc. Bogotá
Nombre del editor, distribuidor, etc. Panamericana
Fecha de publicación, distribución, etc. 1997
300 ## - DESCRIPCIÓN FÍSICA
Medida 219 páginas
Otros detalles fisicos Ilustraciones a blanco y negro
Dimensiones 20 cm
942 ## - ELEMENTOS DE ENTRADA AÑADIDOS (KOHA)
Source of classification or shelving scheme Dewey Decimal Classification
Tipo de artículo Koha Books
999 ## -
-- 30549
-- 16933

No hay ítems disponibles.